00305 a2200109 450000100060000008200110000610000510001724500600006826000250012830000160015350000260016987920 aPR 258 aShoaib Mohsin and Nooruddin; Fahim Hashmi Prof aDesign and fabrication of Quad-rotor hovering UAVnG-66 aRisalpurbNUSTc2009 axiii, 87 p. aBE project reports AE